[Event "Tal Mem"]
[Site "Moscow RUS"]
[Date "2007.11.16"]
[Round "6"]
[White "Gelfand, B."]
[Black "Ivanchuk, V."]
[Result "1/2-1/2"]
[WhiteElo "2736"]
[BlackElo "2787"]
[PlyCount "72"]
[EventDate "2007.11.10"]
[Source "www.chesslib.no"]
[SourceDate "2004.05.04"]

1. Nf3 d5 2. d4 c6 3. c4 e6 4. e3 f5 5. Be2 Nf6 6. O-O Bd6 7. Ne5 Nbd7 8. f4 Ne4 9. Nd2 Ndf6 10. Nxe4 Nxe4 11. Bd2 O-O 12. Rc1 Bd7 13. Be1 a5 14. Bd3 Be8 15. Bxe4 dxe4 16. Bc3 Qe7 17. Qd2 b6 18. Qc2 Bxe5 19. dxe5 Bh5 20. Qb3 Ra6 21. Rf2 Rd8 22. Rd2 Rxd2 23. Bxd2 Be2 24. a4 h6 25. c5 b5 26. axb5 Bxb5 27. Bc3 a4 28. Qb4 Kh7 29. Rd1 Bd3 30. Ra1 Bc2 31. Qc4 Ra7 32. Bd4 Bd3 33. Qb4 Bb5 34. b3 axb3 35. Rxa7 Qxa7 36. Qxb3 Qa4 1/2-1/2

[Event "TCh-RUS, Tomsk RUS"]
[Site "?"]
[Date "2001.??.??"]
[Round "7"]
[White "Onischuk, Al"]
[Black "Grischuk, A."]
[Result "1/2-1/2"]
[WhiteElo "2655"]
[BlackElo "2665"]
[PlyCount "29"]
[EventDate "2001.??.??"]
[Source "www.chesslib.no"]
[SourceDate "2004.05.04"]

1. d4 d5 2. c4 e6 3. Nf3 c6 4. e3 f5 5. Bd3 Nf6 6. O-O Bd6 7. b3 Qe7 8. Bb2 b6 9. cxd5 cxd5 10. Qc1 Bb7 11. Ba3 Nbd7 12. Qb2 Bxa3 13. Nxa3 O-O 14. Rac1 Rfc8 15. Nb5 1/2-1/2

[Event "TCh-RUS, Tomsk RUS"]
[Site "?"]
[Date "2001.??.??"]
[Round "8"]
[White "Korchnoi, V."]
[Black "Malakhov, V."]
[Result "1/2-1/2"]
[WhiteElo "2640"]
[BlackElo "2620"]
[PlyCount "39"]
[EventDate "2001.??.??"]
[Source "www.chesslib.no"]
[SourceDate "2004.05.04"]

1. d4 d5 2. c4 e6 3. Nf3 c6 4. e3 f5 5. Bd3 Nf6 6. O-O Bd6 7. b3 Qe7 8. Bb2 O-O 9. Qc1 b6 10. Ba3 c5 11. Nc3 Ba6 12. dxc5 Bxc5 13. Bxc5 Qxc5 14. Nd4 dxc4 15. Bxc4 Bxc4 16. Na4 Qc8 17. Qxc4 Qxc4 18. bxc4 Kf7 19. c5 Nbd7 20. Rfc1 1/2-1/2

[Event "Julian Borowski-A 4th"]
[Site "?"]
[Date "2002.05.19"]
[Round "4"]
[White "Dautov Rustem"]
[Black "Jussupow Artur"]
[Result "1/2-1/2"]
[WhiteElo "2636"]
[BlackElo "2618"]
[PlyCount "28"]
[EventDate "2002.??.??"]
[Source "www.chesslib.no"]
[SourceDate "2004.05.04"]

1. d4 d5 2. c4 c6 3. Nf3 e6 4. e3 f5 5. Bd3 Nf6 6. O-O Bd6 7. b3 Qe7 8. Bb2 O-O 9. Qc1 Ne4 10. Ba3 Nd7 11. Bxd6 Qxd6 12. Qa3 c5 13. cxd5 exd5 14. Qb2 b6 1/2-1/2

[Event "Mar del Plata ARG"]
[Site "Mar del Plata ARG"]
[Date "1992.??.??"]
[Round "?"]
[White "Ricardi, Pablo"]
[Black "Kasparov, Gary"]
[Result "0-1"]
[WhiteElo "2465"]
[BlackElo "2780"]
[PlyCount "50"]
[EventDate "1992.??.??"]
[Source "www.chesslib.no"]
[SourceDate "2004.05.04"]

1. Nf3 d5 2. d4 e6 3. c4 c6 4. e3 f5 5. Nc3 Nd7 6. Bd3 Bd6 7. cxd5 cxd5 8. Qb3 a6 9. Bd2 Ngf6 10. a4 Ne4 11. Rc1 Ndf6 12. Bxe4 fxe4 13. Ne5 O-O 14. h3 Bxe5 15. dxe5 Nd7 16. Nxd5 exd5 17. Qxd5+ Kh8 18. Ke2 Qe8 19. Bc3 Nb6 20. Qd4 Nxa4 21. Bb4 Qb5+ 22. Ke1 Re8 23. Rc7 Be6 24. b3 Nb2 25. Bc3 Nd3+ 0-1

[Event "18th North Sea Cup"]
[Site "Esbjerg"]
[Date "2003.06.04"]
[Round "1"]
[White "Nielsen, Peter Heine"]
[Black "Krasenkow, Michal"]
[Result "1/2-1/2"]
[WhiteElo "2625"]
[BlackElo "2609"]
[PlyCount "69"]
[EventDate "2003.06.04"]
[Source "Roberto Alvarez"]
[SourceDate "2003.07.14"]

1. d4 d5 2. c4 e6 3. Nf3 c6 4. e3 f5 5. Bd3 Nf6 6. O-O Bd6 7. b3 Qe7 8. Bb2 O-O 9. Qc1 b6 10. cxd5 cxd5 11. Ba3 Ba6 12. Bxd6 Qxd6 13. Bxa6 Nxa6 14. Nc3 Rac8 15. Qb2 Nb4 16. Ne5 Nc6 17. Ne2 Rc7 18. Nxc6 Rxc6 19. Rfc1 Rfc8 20. Rxc6 Rxc6 21. Rc1 Kf7 22. f3 Nd7 23. Nf4 a5 24. a4 g5 25. Nd3 Qc7 26. Rxc6 Qxc6 27. Kf2 h5 28. Qc1 Qxc1 29. Nxc1 Nf8 30. Nd3 Ng6 31. b4 axb4 32. Nxb4 Ke7 33. a5 bxa5 34. Nc6+ Kf6 35. Nxa5 1/2-1/2

[Event "Podolsk"]
[Site "?"]
[Date "1993.??.??"]
[Round "?"]
[White "Ehlvest, J."]
[Black "Krasenkov, M."]
[Result "1-0"]
[WhiteElo "2620"]
[BlackElo "2605"]
[PlyCount "95"]
[EventDate "1993.??.??"]
[Source "ChessBase"]
[SourceDate "1993.10.01"]

1. d4 d5 2. Nf3 c6 3. c4 e6 4. e3 f5 5. Nc3 Nf6 6. Qc2 Bd6 7. b3 Ne4 8. Bb2 O-O 9. Bd3 Nd7 10. a3 a5 11. Ne2 Qe7 12. Nf4 Rf6 13. Be2 g5 14. Nd3 Rh6 15. Nfe5 g4 16. g3 Nf8 17. Bf1 Bd7 18. Bg2 Ng5 19. a4 Ng6 20. Nxd7 Qxd7 21. Ba3 Bxa3 22. Rxa3 Ne4 23. Ra1 Qe7 24. Qb2 Rd8 25. cxd5 exd5 26. b4 axb4 27. Qxb4 Qxb4+ 28. Nxb4 Ne7 29. a5 c5 30. dxc5 Rc8 31. O-O Rxc5 32. Rfb1 Nc6 33. Bxe4 fxe4 34. Nxc6 Rhxc6 35. Rxb7 Ra6 36. Rab1 Rcxa5 37. Rb8+ Kg7 38. R1b7+ Kh6 39. Rh8 Rg6 40. Rbxh7+ Kg5 41. Rh5+ Kf6 42. Rf8+ Ke6 43. Rf4 Ra8 44. Kg2 Rd8 45. Rff5 d4 46. Re5+ Kf7 47. exd4 Rxd4 48. Rh7+ 1-0

[Event "Kusadasi TUR"]
[Site "?"]
[Date "2006.04.09"]
[Round "6"]
[White "Nikolic Predrag"]
[Black "Jobava Baadur"]
[Result "1-0"]
[WhiteElo "2596"]
[BlackElo "2614"]
[PlyCount "103"]
[EventDate "2006.??.??"]
[Source "www.chesslib.no"]
[SourceDate "2004.05.04"]

1. d4 d5 2. c4 c6 3. Nf3 e6 4. e3 f5 5. g3 Nf6 6. Bg2 Nbd7 7. O-O Bd6 8. b3 Qe7 9. a4 dxc4 10. bxc4 e5 11. Ba3 e4 12. Bxd6 Qxd6 13. c5 Nxc5 14. dxc5 Qxd1 15. Rxd1 exf3 16. Bxf3 Be6 17. a5 a6 18. Nc3 Nd7 19. Na4 O-O-O 20. Rab1 Kc7 21. Be2 Nf6 22. Rd6 Rhe8 23. f3 Rd7 24. Rxd7+ Nxd7 25. Kf2 Bf7 26. Rc1 Re5 27. Rc3 Nf6 28. Nb6 g5 29. Bd3 Be6 30. Bc2 Kd8 31. h3 Ke7 32. Bd3 f4 33. exf4 gxf4 34. gxf4 Rh5 35. Rc1 Rxh3 36. f5 Bf7 37. Rb1 Kd8 38. Nc4 Nd7 39. Nd6 Ba2 40. Rb4 Bd5 41. Be4 Rh2+ 42. Kg3 Ra2 43. Rxb7 Nxc5 44. Rxh7 Rxa5 45. Bxd5 cxd5 46. f6 d4 47. f7 Ke7 48. Nf5+ Kf8 49. Nh4 Ne4+ 50. fxe4 Rg5+ 51. Kf4 Rg7 52. Rxg7 1-0

[Event "Groningen"]
[Site "Groningen"]
[Date "1991.??.??"]
[Round "9"]
[White "Christiansen, Larry Mark"]
[Black "Dreev, Alexey"]
[Result "1/2-1/2"]
[WhiteElo "2600"]
[BlackElo "2610"]
[PlyCount "99"]
[EventDate "1991.12.??"]
[Source "ChessBase"]

1. d4 e6 2. Nf3 d5 3. c4 c6 4. e3 f5 5. Be2 Nf6 6. O-O Bd6 7. b3 Nbd7 8. Ba3 Bxa3 9. Nxa3 O-O 10. Nc2 Ne4 11. Nb4 Qe7 12. Nd3 b6 13. Rc1 Bb7 14. Rc2 dxc4 15. Rxc4 c5 16. Qc1 Rfd8 17. Qb2 a5 18. Rfc1 Qf6 19. R4c2 Ba6 20. Nf4 Bxe2 21. Rxe2 Re8 22. Nh5 Qe7 23. Ng3 Nxg3 24. hxg3 e5 25. dxe5 Nxe5 26. Rd2 Rad8 27. Rcd1 Rxd2 28. Qxd2 Nf7 29. Qc2 Qe6 30. Rd3 Rd8 31. Ng5 Qf6 32. Rxd8+ Nxd8 33. Qc4+ Nf7 34. Nf3 g6 35. Qd5 Qd6 36. Qa8+ Kg7 37. Qb7 Kf6 38. e4 fxe4 39. Qxe4 b5 40. Qc2 Qc6 41. Qb2+ Ke7 42. Qg7 Qf6 43. Qxh7 Qa1+ 44. Kh2 Qxa2 45. Qxg6 Qxf2 46. Qb6 Nd6 47. Qxa5 Qe3 48. Nh4 Ke6 49. Qb6 Qxb3 50. Qxc5 1/2-1/2

[Event "54th ch-RUS, Elista RUS"]
[Site "?"]
[Date "2001.??.??"]
[Round "8"]
[White "Yakovich, Y."]
[Black "Kharlov, A."]
[Result "0-1"]
[WhiteElo "2575"]
[BlackElo "2635"]
[PlyCount "120"]
[EventDate "2001.??.??"]
[Source "www.chesslib.no"]
[SourceDate "2004.05.04"]

1. d4 d5 2. Nf3 e6 3. c4 c6 4. e3 f5 5. Bd3 Nf6 6. O-O Bd6 7. b3 Qe7 8. Bb2 O-O 9. Qc1 b6 10. Ba3 Bb7 11. Bxd6 Qxd6 12. Qa3 c5 13. cxd5 Nxd5 14. dxc5 bxc5 15. Be2 f4 16. e4 Nb4 17. e5 Qe7 18. Qb2 N8c6 19. Nbd2 Nd4 20. Nxd4 cxd4 21. Bf3 d3 22. Bxb7 Qxb7 23. Nf3 Rad8 24. Rad1 Rd5 25. Rd2 Rfd8 26. Re1 Ra5 27. a3 Nc2 28. Red1 Rad5 29. Ne1 Nxe1 30. Rxe1 f3 31. gxf3 Rb5 32. Qc3 Rxb3 33. Qc4 Qd5 34. Qxd5 Rxd5 35. a4 Kf7 36. Re4 a5 37. f4 Rb4 38. Rxb4 axb4 39. Kf1 Ke7 40. Ke1 Kd7 41. Rb2 Rd4 42. a5 Kc6 43. a6 Kb6 44. Ra2 Ka7 45. Kd2 g6 46. h3 Rxf4 47. Kxd3 b3 48. Rb2 Rf3+ 49. Kc4 Rxh3 50. Kb5 Rd3 51. f4 Rd8 52. Kc6 Rb8 53. Kd7 Rb6 54. Ke7 Kxa6 55. Kf7 Ka5 56. Kg7 Rb7+ 57. Kf6 Ka4 58. Kxe6 Ka3 59. Rb1 b2 60. Kf6 Rb4 0-1

[Event "Mar del Plata ARG"]
[Site "Mar del Plata ARG"]
[Date "1992.??.??"]
[Round "?"]
[White "Zarnicki, Pablo A"]
[Black "Kasparov, Gary"]
[Result "0-1"]
[WhiteElo "2385"]
[BlackElo "2780"]
[PlyCount "90"]
[EventDate "1992.??.??"]
[Source "www.chesslib.no"]
[SourceDate "2004.05.04"]

1. Nf3 d5 2. c4 e6 3. d4 c6 4. e3 f5 5. Nc3 Nd7 6. Bd3 Bd6 7. cxd5 cxd5 8. O-O a6 9. a4 Nh6 10. b3 Qe7 11. Bb2 g5 12. Ne2 Nf7 13. Qc1 Nf6 14. Ba3 Bd7 15. Bxd6 Qxd6 16. Qa3 Ke7 17. Qxd6+ Kxd6 18. Rfc1 Rhc8 19. Rxc8 Rxc8 20. Rc1 Rxc1+ 21. Nxc1 g4 22. Nd2 e5 23. Ne2 Ne4 24. Bxe4 fxe4 25. Kf1 b5 26. axb5 Bxb5 27. Ke1 Bxe2 28. dxe5+ Nxe5 29. Kxe2 Kc5 30. Kd1 Kb4 31. Kc2 a5 32. Nb1 Nd3 33. Nc3 Kc5 34. Nd1 Ne1+ 35. Kc3 Nxg2 36. Nb2 Ne1 37. Na4+ Kd6 38. Nb6 Nf3 39. Nc8+ Kc5 40. Ne7 Nxh2 41. Nf5 Nf3 42. Ng3 Ne5 43. Kc2 Nd3 44. Nh1 h5 45. Kc3 h4 0-1

[Event "It (cat.14)"]
[Site "Wijk aan Zee (Netherlands)"]
[Date "2007.01.16"]
[Round "4"]
[White "Georgiev Vladimir (MKD)"]
[Black "Nijboer Friso (NED)"]
[Result "1/2-1/2"]
[WhiteElo "2525"]
[BlackElo "2638"]
[PlyCount "64"]
[EventDate "2007.??.??"]
[Source "www.chesslib.no"]
[SourceDate "2004.05.04"]

1. d4 f5 2. Nf3 Nf6 3. c4 g6 4. g3 Bg7 5. b4 O-O 6. Bb2 c6 7. Bg2 Ne4 8. O-O a5 9. b5 cxb5 10. cxb5 a4 11. Nc3 d5 12. Rc1 a3 13. Ba1 e6 14. Qb3 Nd7 15. Nxe4 fxe4 16. Ne5 Nxe5 17. dxe5 Qb6 18. Qb4 Bd7 19. Bh3 Rfe8 20. Bd4 Qxb5 21. Qd2 Qa5 22. Qxa5 Rxa5 23. Rc7 Bc6 24. e3 Rb5 25. f3 exf3 26. Rxf3 Rb1+ 27. Kg2 Rb2+ 28. Rf2 Rxf2+ 29. Kxf2 Bf8 30. Rc8 Kf7 31. Rc7+ Re7 32. Rc8 Re8 1/2-1/2

[Event "Open"]
[Site "Andorra"]
[Date "2007.07.08"]
[Round "9.1"]
[White "Rodshtein, Maxim"]
[Black "Khenkin, Igor"]
[Result "1-0"]
[WhiteElo "2530"]
[BlackElo "2629"]
[PlyCount "46"]
[EventDate "2007.06.30"]
[Source "www.chesslib.no"]
[SourceDate "2004.05.04"]

1. d4 d5 2. Nf3 c6 3. c4 e6 4. e3 f5 5. Be2 Bd6 6. O-O Nd7 7. Qc2 Nh6 8. b3 Qe7 9. Bb2 Nf7 10. a4 O-O 11. a5 Nf6 12. Ne5 a6 13. Nd3 Ng4 14. h3 Qh4 15. Ba3 Bxa3 16. Rxa3 Nf6 17. Nd2 g5 18. Nf3 Qh6 19. Nfe5 Nxe5 20. Nxe5 Bd7 21. b4 Be8 22. Rb3 Kh8 23. Rb2 Rg8 1-0

[Event "NED Ch"]
[Site "NED"]
[Date "1992.??.??"]
[Round "?"]
[White "Van der Sterren, Paul"]
[Black "Piket, Jeroen"]
[Result "0-1"]
[WhiteElo "2535"]
[BlackElo "2615"]
[PlyCount "60"]
[EventDate "1992.03.??"]
[Source "www.chesslib.no"]
[SourceDate "2004.05.04"]

1. d4 d5 2. c4 c6 3. Nf3 e6 4. e3 f5 5. Bd3 Nf6 6. O-O Be7 7. b3 O-O 8. Bb2 Ne4 9. Nc3 Nd7 10. Ne2 Qe8 11. Nd2 Bb4 12. Nb1 Ndf6 13. f3 Ng5 14. Nbc3 Bd7 15. a3 Bd6 16. Qd2 Qh5 17. Nf4 Qh6 18. g3 Rae8 19. Rae1 Nf7 20. cxd5 exd5 21. h4 Nh5 22. Qh2 Nxg3 23. Qxg3 Rxe3 24. Bc1 Bxf4 25. Bxe3 Bxe3+ 26. Kh1 f4 27. Qh2 Bxd4 28. Nd1 Ne5 29. Bc2 Qh5 30. Kg2 Nxf3 0-1

[Event "Espoo zt"]
[Site "Espoo"]
[Date "1989.??.??"]
[Round "?"]
[White "Schussler, Harry"]
[Black "Agdestein, Simen"]
[Result "0-1"]
[WhiteElo "2540"]
[BlackElo "2605"]
[PlyCount "88"]
[EventDate "1989.07.??"]
[Source "www.chesslib.no"]
[SourceDate "2004.05.04"]

1. d4 e6 2. c4 f5 3. Nf3 Nf6 4. g3 d5 5. Bg2 Bd6 6. O-O O-O 7. b3 b6 8. Ba3 Bb7 9. Bxd6 Qxd6 10. Qc2 Ne4 11. Nc3 Na6 12. cxd5 exd5 13. Rac1 c5 14. Rfd1 Qe6 15. e3 Rae8 16. a3 h6 17. h4 Re7 18. Qb2 g5 19. hxg5 hxg5 20. Nxe4 fxe4 21. Nxg5 Qh6 22. Nh3 Bc8 23. Nf4 Bg4 24. Kf1 Qh2 25. dxc5 Rh7 26. Ke1 Rxf4 27. gxf4 Qg1+ 28. Kd2 Qxf2+ 29. Kc3 Qxe3+ 30. Kc2 Bxd1+ 31. Rxd1 Rh2 32. Rd2 Nxc5 33. Qc3 Qxf4 34. b4 Nd3 35. Qc8+ Kg7 36. Qd7+ Kf6 37. Qxd5 Rxg2 38. Qd4+ Ke7 39. Rxg2 Ne1+ 40. Kb3 Nxg2 41. Qg7+ Qf7+ 42. Qxf7+ Kxf7 43. Kc3 e3 44. Kd3 Ke6 0-1

[Event "Roma"]
[Site "?"]
[Date "1990.??.??"]
[Round "?"]
[White "Chernin, A."]
[Black "Vaiser, A."]
[Result "1-0"]
[WhiteElo "2600"]
[BlackElo "2540"]
[PlyCount "82"]
[EventDate "1990.??.??"]
[Source "ChessBase"]
[SourceDate "1990.01.01"]

1. d4 e6 2. c4 f5 3. e3 Nf6 4. Bd3 b6 5. Ne2 Bb7 6. f3 g6 7. Nbc3 Bg7 8. O-O O-O 9. e4 fxe4 10. fxe4 e5 11. d5 Qe7 12. Ng3 h5 13. h3 Nh7 14. Be3 Bf6 15. c5 Bg5 16. Rxf8+ Qxf8 17. Bf2 Kg7 18. Na4 Na6 19. Qb3 d6 20. c6 Bc8 21. Qc3 Nc5 22. Nxc5 bxc5 23. Qa5 Qe7 24. a3 a6 25. b4 Bd2 26. Ra2 Bc3 27. Ne2 Bd4 28. Nxd4 cxd4 29. b5 Ra7 30. b6 cxb6 31. Qxb6 Kh6 32. Be1 g5 33. Bb4 g4 34. Bxd6 Qxd6 35. Qxa7 gxh3 36. Qf7 Ng5 37. Qg8 Qf6 38. Qxc8 Qf4 39. Qf5 Qe3+ 40. Qf2 Qc1+ 41. Qf1 Qe3+ 1-0

[Event "Franfurt CC Ordix"]
[Site "Frankfurt"]
[Date "1997.??.??"]
[Round "7"]
[White "Dautov, Rustem"]
[Black "Stangl, Markus"]
[Result "1/2-1/2"]
[WhiteElo "2590"]
[BlackElo "2540"]
[PlyCount "67"]
[EventDate "1997.??.??"]
[Source "www.chesslib.no"]
[SourceDate "2004.05.04"]

1. c4 e6 2. d4 d5 3. Nf3 c6 4. e3 f5 5. Be2 Bd6 6. O-O Qf6 7. b3 Ne7 8. Ba3 Bc7 9. Nc3 a5 10. Rc1 Na6 11. Ne1 O-O 12. Nd3 Rd8 13. f4 b6 14. cxd5 exd5 15. Ne5 Bb7 16. Bxa6 Rxa6 17. Qd3 Ng6 18. Rf2 Raa8 19. Rfc2 Ba6 20. Qd1 Qe6 21. Qf3 Bxe5 22. fxe5 c5 23. Qd1 f4 24. exf4 Nxf4 25. Rd2 cxd4 26. Rxd4 Qxe5 27. Qd2 Ne2+ 28. Nxe2 Qxe2 29. Qxe2 Bxe2 30. Rc7 b5 31. Bb2 Rac8 32. Rxd5 Rxc7 33. Rxd8+ Kf7 34. Ra8 1/2-1/2

[Event "Bern"]
[Site "?"]
[Date "1994.??.??"]
[Round "?"]
[White "Gulko, B."]
[Black "Milov, L."]
[Result "1-0"]
[WhiteElo "2615"]
[BlackElo "2510"]
[PlyCount "87"]
[EventDate "1994.??.??"]
[Source "ChessBase"]
[SourceDate "1994.02.01"]

1. c4 c6 2. d4 d5 3. e3 e6 4. Nf3 f5 5. Bd3 Nf6 6. O-O Bd6 7. b3 Qe7 8. a4 O-O 9. Ba3 Bxa3 10. Rxa3 g6 11. a5 Nbd7 12. cxd5 exd5 13. a6 Ne4 14. Qc1 Rf6 15. axb7 Bxb7 16. Ra5 a6 17. Nbd2 c5 18. Qa3 Qf8 19. Qa4 Bc6 20. Qa1 Bb7 21. Rc1 Rc6 22. Ra2 Qf6 23. Bb5 Nxd2 24. Nxd2 axb5 25. Rxa8+ Bxa8 26. Qxa8+ Kg7 27. Qb7 Qd6 28. dxc5 Rc7 29. cxd6 Rxb7 30. Rc7 Rxc7 31. dxc7 Nb6 32. Nf3 Kf6 33. Nd4 b4 34. Nc6 Ke6 35. Nxb4 Kd7 36. Na6 Kc6 37. Kf1 h6 38. Ke2 Kb7 39. Nb4 Kxc7 40. Kd3 Kd6 41. Kd4 g5 42. h3 Ke6 43. Nd3 h5 44. Kc5 1-0

[Event "Helsinki sim"]
[Site "Helsinki"]
[Date "1996.??.??"]
[Round "6"]
[White "Karpov, Anatoly"]
[Black "Raaste, Eero J"]
[Result "1-0"]
[WhiteElo "2770"]
[BlackElo "2355"]
[PlyCount "113"]
[EventDate "1996.??.??"]
[Source "www.chesslib.no"]
[SourceDate "2004.05.04"]

1. d4 d5 2. c4 e6 3. Nc3 f5 4. Nf3 c6 5. Bg5 Nf6 6. e3 Be7 7. Bd3 O-O 8. O-O Ne4 9. Bxe7 Qxe7 10. Ne5 Nd7 11. Nxd7 Bxd7 12. Ne2 Rf6 13. f3 Nd6 14. c5 Nf7 15. f4 Rh6 16. Qe1 Kh8 17. g3 g5 18. Qa5 Be8 19. Kg2 Rg6 20. Ng1 Nh6 21. Nf3 Ng4 22. Rae1 h6 23. b4 Rg8 24. a4 Bh5 25. b5 Qg7 26. Qd2 Rac8 27. Kh1 Be8 28. Rc1 Nf6 29. Ne5 Ne4 30. Bxe4 dxe4 31. Qe2 gxf4 32. Rxf4 Qg5 33. Qc4 Qe7 34. b6 axb6 35. cxb6 Ra8 36. Ra1 Kh7 37. a5 Ra6 38. Rf2 Bh5 39. Rf4 Rga8 40. g4 fxg4 41. Qc2 Rxa5 42. Qxe4+ Kh8 43. Rxa5 Rxa5 44. Ng6+ Bxg6 45. Qxg6 Rg5 46. Qxh6+ Kg8 47. Rf6 Rg7 48. Rxe6 Qf7 49. Qf6 Qxf6 50. Rxf6 Re7 51. Rd6 Kf7 52. Kg2 Rxe3 53. Rd7+ Kg6 54. Rxb7 Rb3 55. Kf2 Kh6 56. Rb8 Kg7 57. b7 1-0

[Event "Open 'Mediterraneo 2017'"]
[Site "Fiume CRO"]
[Date "2008.11.30"]
[Round "3"]
[White "Grachev, Boris"]
[Black "Kovacevic, Blazimir"]
[Result "1-0"]
[WhiteElo "2653"]
[BlackElo "2472"]
[PlyCount "257"]
[EventDate "2008.11.29"]
[Source "www.chesslib.no"]
[SourceDate "2004.05.04"]

1. d4 e6 2. c4 Bb4+ 3. Nc3 f5 4. Bd2 Nf6 5. g3 Bxc3 6. Bxc3 Ne4 7. Qc2 Nxc3 8. Qxc3 O-O 9. Bg2 d6 10. Nh3 Qe7 11. Nf4 c6 12. Qa3 Re8 13. Rd1 Na6 14. e3 e5 15. Ne2 e4 16. h4 Nc7 17. Nf4 Ne6 18. Bf1 Nxf4 19. gxf4 Be6 20. Be2 d5 21. c5 b5 22. Kd2 a5 23. Rdg1 Ra7 24. Qb3 Rf8 25. Rg5 Qe8 26. Qd1 Rf6 27. Rh2 Kh8 28. Rhg2 Qf8 29. Qh1 Rh6 30. Qh3 Rf6 31. Qg3 Rh6 32. Rg1 Rf6 33. Bf1 Rh6 34. h5 Re7 35. Qh4 Rf7 36. Kc1 Ra7 37. Bh3 Rf7 38. Kb1 Rd7 39. Bf1 Ra7 40. Be2 Qf6 41. Bd1 Qf8 42. Bb3 Rd7 43. Qh3 Rf7 44. Qh4 Rd7 45. f3 exf3 46. Bc2 Rf7 47. Kc1 Kg8 48. Kd2 Kh8 49. Ke1 Kg8 50. Kf2 Kh8 51. Kxf3 Kg8 52. Kf2 Kh8 53. Bd3 Kg8 54. Bf1 Kh8 55. Bh3 Kg8 56. Qg3 Kh8 57. Qf3 Qc8 58. Qg3 Qf8 59. Kf3 Kg8 60. Qe1 Qd8 61. R1g3 Kh8 62. Kf2 Kg8 63. Qb1 Qc8 64. Qg1 Qf8 65. Bf1 Kh8 66. Bd3 Kg8 67. Bc2 Kh8 68. Rg2 Kg8 69. Kf3 Kh8 70. Qe1 Qd8 71. Rd2 Kg8 72. Qg1 Kh8 73. Qg3 Kg8 74. Qh4 Qf8 75. Rd3 Ra7 76. Bd1 Kh8 77. Be2 Rf6 78. Bf1 h6 79. Rg3 Bf7 80. Kf2 Qe8 81. Be2 Re7 82. Qh3 Be6 83. Rd1 Qf8 84. Rdg1 Ref7 85. Qf1 Qe8 86. Bf3 Bc8 87. Rg6 Rxg6 88. Rxg6 Rf6 89. Rxf6 gxf6 90. Qe1 Qd8 91. Be2 Qc7 92. Bd3 Qd8 93. Ke2 Qc7 94. Kd1 Qd8 95. Kc2 Qc7 96. Kb3 Qd8 97. Ka3 Qc7 98. Bc2 Qa7 99. Qd2 Be6 100. b3 Bc8 101. Kb2 Be6 102. Qc3 Kg8 103. Bd3 Kf8 104. Bf1 Bc8 105. Qe1 Be6 106. Qe2 Bc8 107. Qd2 Be6 108. Qd3 Bc8 109. Bg2 Be6 110. Bh3 Qd7 111. a4 bxa4 112. Qa6 axb3 113. Kxb3 Kg7 114. Ka4 Bf7 115. Kxa5 Qd8+ 116. Kb4 Qb8+ 117. Qb6 Qe8 118. Bxf5 Qxe3 119. Qxc6 Qxd4+ 120. Kb5 Qxf4 121. Qd7 Qd2 122. Ka6 Qa2+ 123. Kb7  b3+ 124. Kc8 Qc4 125. c6 Kf8 126. Qd6+ Kg7 127. c7 Qb5 128. Bd7 Qa5 129. Kb8 1-0

[Event "Corus B"]
[Site "?"]
[Date "2005.01.16"]
[Round "2"]
[White "Cheparinov Ivan"]
[Black "Nijboer Friso"]
[Result "1-0"]
[WhiteElo "2572"]
[BlackElo "2549"]
[PlyCount "115"]
[EventDate "2005.??.??"]
[Source "www.chesslib.no"]
[SourceDate "2004.05.04"]

1. d4 f5 2. Nf3 Nf6 3. c4 g6 4. b4 Bg7 5. g3 O-O 6. Bb2 c6 7. Bg2 Ne4 8. O-O a5 9. b5 cxb5 10. cxb5 a4 11. Qd3 d5 12. e3 Be6 13. Nbd2 Nd7 14. Rab1 g5 15. Ne5 Qa5 16. Rfd1 Rfc8 17. g4 Nxd2 18. Rxd2 fxg4 19. Nxd7 Bxd7 20. Bxd5+ e6 21. Bxb7 Bxb5 22. Qe4 Re8 23. Rc2 Rab8 24. Rc5 Qb6 25. Ba3 Qxb7 26. Qxb7 Rxb7 27. Rbxb5 Rxb5 28. Rxb5 Bf6 29. Ra5 Rb8 30. Rxa4 Rb1+ 31. Kg2 h5 32. Rc4 Ra1 33. Rc2 h4 34. Bc1 Kf7 35. f3 h3+ 36. Kg3 gxf3 37. Kxf3 Kg6 38. Kg4 Bg7 39. a3 Bf8 40. Rc6 Kf7 41. e4 Bxa3 42. Bxa3 Rxa3 43. Kxg5 Rf3 44. Rc7+ Kg8 45. Re7 Rd3 46. Kg6 Kf8 47. Rh7 Rf3 48. e5 Ke8 49. Kg5 Kd8 50. Kg4 Rd3 51. Rxh3 Rxd4+ 52. Kg5 Kd7 53. Rh7+ Kc6 54. Kf6 Rg4 55. Kxe6 Rg6+ 56. Kf7 Rg2 57. Rh6+ Kd5 58. e6 1-0

[Event "Bundesliga 9798"]
[Site "Germany"]
[Date "1998.??.??"]
[Round "?.1"]
[White "Epishin, Vladimir"]
[Black "Balashov, Yuri S"]
[Result "1/2-1/2"]
[WhiteElo "2570"]
[BlackElo "2550"]
[PlyCount "180"]
[EventDate "1997.10.??"]
[Source "ChessBase"]
[SourceDate "1999.07.01"]

1. d4 e6 2. c4 f5 3. e3 Nf6 4. Nc3 Bb4 5. Nge2 O-O 6. g3 d5 7. Bg2 c6 8. O-O Qe7 9. Qc2 Bd6 10. Bd2 Na6 11. a3 Bd7 12. b4 Rac8 13. Rad1 b5 14. c5 Bb8 15. f3 e5 16. e4 fxe4 17. fxe4 exd4 18. Nxd4 Be5 19. Bf4 Nc7 20. exd5 Ncxd5 21. Nxd5 Nxd5 22. Qe4 Bxf4 23. Qxe7 Be3+ 24. Qxe3 Nxe3 25. Rxf8+ Rxf8 26. Rd2 Nxg2 27. Kxg2 Rf7 28. Nf3 Bf5 29. Rd4 Rd7 30. g4 Rxd4 31. Nxd4 Bd7 32. g5 Kf7 33. Kg3 h5 34. Kf4 g6 35. Ke5 Ke7 36. Ne2 Be6 37. Nf4 Bf7 38. Ng2 Be8 39. Ne1 Bf7 40. Nf3 Be8 41. Nd4 Bd7 42. Kf4 Be8 43. Ne2 Bd7 44. Nc3 Ke6 45. Ke4 Bc8 46. Nd1 Ke7 47. Ke5 Bf5 48. Ne3 Bb1 49. Ng2 Ba2 50. Nf4 Bf7 51. Kd4 Kd7 52. Kc3 Ke7 53. Kb2 Kd7 54. a4 a6 55. a5 Kd8 56. Kc3 Ke7 57. Kd4 Kd7 58. Ke4 Kd8 59. Ke5 Ke7 60. Ne2 Be6 61. Nd4 Bd7 62. Kf4 Kf8 63. Ke4 Kf7 64. Kf4 Kf8 65. Nf3 Ke7 66. Ke4 Ke6 67. Nh4 Be8 68. Ng2 Bf7 69. Nf4+ Kd7 70. Kd4 Kd8 71. Ke5 Ke7 72. Ne2 Be6 73. Nd4 Bd7 74. h3 Be8 75. Ne6 Bd7 76. Nf4 Be8 77. Ng2 Bd7 78. Nh4 Be8 79. Nf3 Bd7 80. Nd4 Be8 81. h4 Bd7 82. Ne2 Be6 83. Ng3 Bd5 84. Ne2 Be6 85. Nc3 Bf5 86. Nd1 Bg4 87. Nf2 Bf5 88. Nh1 Be6 89. Ng3 Bd5 90. Ne2 Be6 1/2-1/2

[Event "Graz zt"]
[Site "Graz AUT"]
[Date "1993.??.??"]
[Round "6"]
[White "Boensch, Uwe"]
[Black "Lobron, Eric"]
[Result "0-1"]
[WhiteElo "2490"]
[BlackElo "2620"]
[PlyCount "82"]
[EventDate "1993.03.??"]
[Source "www.chesslib.no"]
[SourceDate "2004.05.04"]

1. d4 d5 2. c4 e6 3. Nf3 c6 4. e3 f5 5. Be2 Bd6 6. b3 Nf6 7. O-O Qe7 8. Bb2 O-O 9. Ne5 Bd7 10. Qc2 Be8 11. Nd2 Nbd7 12. Ndf3 Bh5 13. cxd5 cxd5 14. Rfc1 a6 15. Nxd7 Nxd7 16. Ne5 Bxe2 17. Qxe2 Rac8 18. Rc2 Rxc2 19. Qxc2 Nf6 20. Rc1 g5 21. f3 g4 22. Qe2 Qg7 23. fxg4 fxg4 24. Rf1 h5 25. Rf4 Ne4 26. Qc2 Rxf4 27. exf4 Qc7 28. Qxc7 Bxc7 29. Nd3 Kf7 30. Kf1 Kg6 31. Ke2 Kf5 32. Ke3 h4 33. h3 Ba5 34. b4 Bc7 35. Ne5 Bxe5 36. dxe5 Ng3 37. Kd4 Ne2+ 38. Kc5 Nxf4 39. Kb6 Nxg2 40. Bd4 gxh3 41. Bg1 d4 0-1

[Event "EuTCh, Leon ESP"]
[Site "?"]
[Date "2001.??.??"]
[Round "9"]
[White "Malakhatko, V."]
[Black "Markowski, T."]
[Result "1/2-1/2"]
[WhiteElo "2555"]
[BlackElo "2550"]
[PlyCount "20"]
[EventDate "2001.??.??"]
[Source "www.chesslib.no"]
[SourceDate "2004.05.04"]

1. d4 d5 2. Nf3 c6 3. c4 e6 4. e3 f5 5. Nc3 Nf6 6. Ne5 Be7 7. Bd3 O-O 8. O-O Nbd7 9. f4 Nxe5 10. dxe5 Ne4 1/2-1/2

[Event "EUCup Gr2"]
[Site "?"]
[Date "1997.09.23"]
[Round "2"]
[White "Kozul Zdenko"]
[Black "Apicella Manuel"]
[Result "0-1"]
[WhiteElo "2605"]
[BlackElo "2500"]
[PlyCount "66"]
[EventDate "1997.??.??"]
[Source "www.chesslib.no"]
[SourceDate "2004.05.04"]

1. d4 d5 2. c4 e6 3. Nf3 c6 4. e3 f5 5. Bd3 Nf6 6. O-O Bd6 7. b3 Qe7 8. a4 a5 9. Ba3 Bxa3 10. Nxa3 O-O 11. Qb1 Ne4 12. Nc2 Nd7 13. b4 g5 14. bxa5 g4 15. Bxe4 fxe4 16. Nd2 Qh4 17. Qe1 Qh5 18. Kh1 Rxa5 19. f3 exf3 20. gxf3 dxc4 21. Qg3 Raf5 22. Rg1 Rg5 23. Nxc4 b6 24. Nd2 c5 25. Qd6 Kh8 26. Raf1 gxf3 27. Rxg5 Qxg5 28. Nxf3 Rxf3 29. Rxf3 Bb7 30. Ne1 Qxe3 31. Qg3 cxd4 32. Kg2 Ne5 33. Kh3 Bxf3 0-1